000 00605nam a2200169 a 4500
001 000028410
005 20240307073942.0
008 110408s1973 dr 000 0 spa d
040 _aDO-SdBNP
_bspa
_cBNPHU
245 1 0 _aRepública Dominicana y las relaciones internacionales /
_cEduardo Latorre... [et. al ].
260 _aSanto Domingo :
_bEdiciones Sargazo,
_c1973.
300 _a99 p. ;
_c21 cm.
700 1 _aLatorre, Eduardo,
_d1941-2003
_97187
710 2 _aInstituto Dominicana de Estudios Internacionales (IDEL)
_955364
710 2 _aInstituto Tecnológico de Santo Domingo
_978911
049 _aBNPD
999 _c27902
_d27902